Detalles MARC
| 000 -CABECERA |
| campo de control de longitud fija |
04374nam a2200349 i 4500 |
| 003 - IDENTIFICADOR DEL NÚMERO DE CONTROL |
| campo de control |
CO-MdUADB |
| 005 - FECHA Y HORA DE LA ÚLTIMA TRANSACCIÓN |
| campo de control |
20241105140649.0 |
| 007 - CAMPO FIJO DE DESCRIPCIÓN FÍSICA--INFORMACIÓN GENERAL |
| campo de control de longitud fija |
ta |
| 008 - DATOS DE LONGITUD FIJA--INFORMACIÓN GENERAL |
| campo de control de longitud fija |
241028s2023 sp d|||fr|||| 000 0dspa d |
| 020 ## - NÚMERO INTERNACIONAL ESTÁNDAR DEL LIBRO |
| Número Internacional Estándar del Libro |
843684744X |
| Información calificativa |
ISBN-10 |
| 020 ## - NÚMERO INTERNACIONAL ESTÁNDAR DEL LIBRO |
| Número Internacional Estándar del Libro |
9788436847444 |
| Información calificativa |
ISBN-13 |
| 040 ## - FUENTE DE LA CATALOGACIÓN |
| Centro catalogador/agencia de origen |
CO-MdUADB |
| Lengua de catalogación |
spa |
| Centro/agencia transcriptor |
CO-MdUADB |
| Normas de descripción |
rda |
| 041 0# - CÓDIGO DE LENGUA |
| Código de lengua del texto/banda sonora o título independiente |
spa |
| 082 04 - NÚMERO DE LA CLASIFICACIÓN DECIMAL DEWEY |
| Número de clasificación |
616 |
| 245 00 - TÍTULO PROPIAMENTE DICHO |
| Título propiamente dicho |
Manual de psicología de la conducta suicida / |
| Mención de responsabilidad, etc. |
coordinadores Susana Al-Halabí, Eduardo Fonseca-Pedrero |
| 264 #1 - PRODUCCIÓN, PUBLICACIÓN, DISTRIBUCIÓN, FABRICACIÓN Y COPYRIGHT |
| Producción, publicación, distribución, fabricación y copyright |
Madrid : |
| Nombre del de productor, editor, distribuidor, fabricante |
Ediciones Pirámide, |
| Fecha de producción, publicación, distribución, fabricación o copyright |
2023 |
| 300 ## - DESCRIPCIÓN FÍSICA |
| Extensión |
722 páginas : |
| Otras características físicas |
gráficas, tablas |
| 336 ## - TIPO DE CONTENIDO |
| Fuente |
rdacontent |
| Término de tipo de contenido |
texto |
| Código de tipo de contenido |
txt |
| 337 ## - TIPO DE MEDIO |
| Nombre/término del tipo de medio |
no mediado |
| 338 ## - TIPO DE SOPORTE |
| Nombre/término del tipo de soporte |
volumen |
| 490 1# - ÁREA DE SERIE |
| Mención de serie |
Psicología / Francisco J. Labrador |
| 504 ## - NOTA DE BIBLIOGRAFÍA, ETC. |
| Nota de bibliografía, etc. |
Incluye referencias bibliográficas al final de cada capítulo. |
| 505 20 - NOTA DE CONTENIDO CON FORMATO |
| Título |
Prólogo -- |
| -- |
BLOQUE I. Conducta suicida, un fenómeno humano complejo y psicológico -- |
| -- |
1. Conceptualización de la conducta suicida -- |
| -- |
2. Modelos psicológicos en la conducta suicida. la perspectiva contextual -- |
| -- |
3. Conducta suicida y autolesiones en la infancia y la adolescencia -- |
| -- |
4. Marco legal y ético. El papel de la autopsia psicológica en la conducta suicida -- |
| -- |
BLOQUE II. Estrategias de prevención de la conducta suicida -- |
| -- |
5. Estrategias generales de prevención de la conducta suicida -- |
| -- |
6. Prevención de la conducta suicida en contextos educativos -- |
| -- |
7. Colectivos vulnerables para la conducta suicida -- |
| -- |
8. Programas de prevención de la conducta suicida en España -- |
| -- |
BLOQUE III. Evaluación y abordaje psicológico de la conducta suicida -- |
| -- |
9. La entrevista clínica como relación de ayuda en la conducta suicida -- |
| -- |
10. Instrumentos de medida para la evaluación de la conducta suicida -- |
| -- |
11. Intervenciones psicológicas para el abordaje clínico de la conducta suicida: apoyo empírico y componentes fundamentales -- |
| -- |
12. Intervención psicológica en crisis en conducta suicida -- |
| -- |
13. Abordaje de la conducta suicida en régimen de hospitalización -- |
| -- |
14. Un modelo de intervención clínica en la conducta suicida en el Sistema Nacional de Salud de España -- |
| -- |
BLOQUE IV. Posvención ayuda, apoyo y autocuidado en la conducta suicida -- |
| -- |
15. Duelo por suicidio e intervención en supervivientes -- |
| -- |
16. Redes sociales, Internet, medios de comunicación y recursos de ayuda en la conducta suicida -- |
| -- |
17. Buenas prácticas en la atención psicológica a intervinientes en crisis suicidas --<br/> |
| -- |
18. Autocuidado del terapeuta -- |
| -- |
BLOQUE V. Recapitulación y perspectivas futuras -- |
| -- |
19. Perspectivas futuras y retos en la prevención de la conducta suicida mirando el futuro -- |
| -- |
Epílogo. |
| 520 3# - SUMARIO, ETC. |
| Nota de Sumario, etc. |
La obra se articula desde una perspectiva fenomenológica, contextual, existencial, multifactorial, psicológica, transdiagnóstica y, sobre todo, basada en la evidencia. Y, si hay algo evidente, es el necesario cambio de paradigma en el estudio de este problema. A pesar de las altas cifras de muertes por suicidio, sigue siendo un fenómeno rodeado de un gran estigma y tabú, así como de mitos y falsas creencias. La conducta suicida es un fenómeno complejo cuya delimitación, evaluación, abordaje clínico, prevención y posvención requieren un enfoque holístico que comprenda tanto a la persona como a su contexto biográfico, social, político y cultural. Su abordaje no es sencillo, pero en este libro el lector encontrará información y la evidencia científica disponible que muestra que el esfuerzo merece la pena y su prevención eficaz es posible. El objetivo de este libro es integrar el conocimiento disponible en la literatura científica de los últimos años, que ha crecido exponencialmente, para cumplir con una doble perspectiva: una vertiente aplicada y una vertiente académica y científica. El contenido didáctico y riguroso de los capítulos se acompaña de relatos en primera persona, casos clínicos, enlaces web y bibliografía comentada que aportan un valor añadido a esta obra colectiva y gremial. (Tomado de la cubierta) |
| 650 17 - PUNTO DE ACCESO ADICIONAL DE MATERIA--TÉRMINO DE MATERIA |
| Fuente del encabezamiento o término |
dcs |
| 9 (RLIN) |
32965 |
| Término de materia o nombre geográfico como elemento de entrada |
Suicidio |
| 650 17 - PUNTO DE ACCESO ADICIONAL DE MATERIA--TÉRMINO DE MATERIA |
| Fuente del encabezamiento o término |
lemb |
| 9 (RLIN) |
77490 |
| Término de materia o nombre geográfico como elemento de entrada |
Conducta suicida |
| 650 17 - PUNTO DE ACCESO ADICIONAL DE MATERIA--TÉRMINO DE MATERIA |
| Fuente del encabezamiento o término |
lemb |
| 9 (RLIN) |
167183 |
| Término de materia o nombre geográfico como elemento de entrada |
Suicidio |
| Subdivisión general |
Prevención |
| 700 1# - ENTRADA AGREGADA--NOMBRE PERSONAL |
| 9 (RLIN) |
563032 |
| Nombre de persona |
Al-Halabí Díaz, Susana, |
| Fechas asociadas al nombre |
1978- |
| Término indicativo de función/relación |
Coordinador/a |
| 700 1# - ENTRADA AGREGADA--NOMBRE PERSONAL |
| 9 (RLIN) |
662807 |
| Nombre de persona |
Fonseca Pedrero, Eduardo |
| Término indicativo de función/relación |
Coordinador/a |
| 830 #0 - PUNTO DE ACCESO ADICIONAL DE SERIE-TÍTULO UNIFORME |
| 9 (RLIN) |
854119 |
| Título uniforme |
Psicología (Ediciones Pirámide) |
| 942 ## - ELEMENTOS DE ENTRADA AGREGADA (KOHA) |
| Fuente del sistema de clasificación o colocación |
Clasificación Decimal Dewey |
| Tipo de ítem Koha |
Libros |